Mythologiques
Αποθηκεύτηκε σε:
| Κύριος συγγραφέας: | |
|---|---|
| Μορφή: | Βιβλίο |
| Γλώσσα: | French |
| Δημοσίευση: |
[Paris] :
Plon,
1964-1971.
|
| Θέματα: | |
| Ετικέτες: |
Προσθήκη ετικέτας
Δεν υπάρχουν, Καταχωρήστε ετικέτα πρώτοι!
|
MARC
| LEADER | 00000cam a2200000 i 4500 | ||
|---|---|---|---|
| 001 | 1/81219 | ||
| 008 | 970131m19641971fr | ||| |||| ||fre|| | ||
| 020 | |a 225900413X |q (τ. 1) | ||
| 020 | |a 2259008968 |q (τ. 2) | ||
| 020 | |a 225900086X |q (τ. 3) | ||
| 020 | |a 2259003478 |q (τ. 4) | ||
| 035 | |l 10005254 | ||
| 035 | |l 10017379 | ||
| 035 | |l 10017381 | ||
| 035 | |l 10017380 | ||
| 040 | |a GR-MyUa |b gre |e AACR2 | ||
| 041 | 0 | |a fre | |
| 082 | 7 | |a 301 |2 (22) | |
| 082 | 7 | |a 306 |2 (22) | |
| 100 | 1 | |a Lévi-Strauss, Claude. | |
| 245 | 1 | 0 | |a Mythologiques / |c Claude Levi-Strauss. |
| 260 | |a [Paris] : |b Plon, |c 1964-1971. | ||
| 300 | |a 4 τ. : |b εικ., χάρτες ; |c 25 εκ. | ||
| 504 | |a Περιλαμβάνει βιβλιογραφικές παραπομπές και ευρετήριο. | ||
| 505 | 8 | |a Τ. 1. Le cru et le cuit -- τ. 2. Du miel aux cendres -- τ. 3. L'origine des manieres de table -- τ. 4. L'homme nu. | |
| 650 | 0 | |a Indians of North America |z Northwest, Pacific |x Folklore. | |
| 650 | 0 | |a Indian mythology |z Northwest, Pacific. | |
| 650 | 0 | |a Folklore |x Structural analysis. | |
| 650 | 0 | |a Indians |x Folklore. | |
| 650 | 0 | |a Indians of South America |x Folklore. | |
| 650 | 0 | |a Indian mythology |z South America. | |
| 650 | 0 | |a Structural anthropology |z South America. | |
| 650 | 0 | |a Indians of South America |z Brazil |x Religion. | |
| 650 | 0 | |a Structural anthropology |z Brazil. | |
| 650 | 0 | |a Indian mythology |z Brazil. | |
| 650 | 0 | 0 | |a Ethnology |z South America. |
| 650 | 0 | 0 | |a Mythology. |
| 650 | 0 | 0 | |a Indians of South America |x Religion. |
| 650 | 0 | 0 | |a Ethnology |z America. |
| 650 | 0 | 0 | |a Indian mythology. |
| 650 | 0 | |a Indians of North America |z Northwest, Pacific |x Religion. | |
| 740 | 3 | |a Le cru et le cuit. | |
| 740 | 0 | |a Du miel aux cendres. | |
| 740 | 2 | |a L'origine des manieres de table. | |
| 740 | 2 | |a L'homme nu. | |
| 767 | 0 | 8 | |i Μεταφρασμένο ως: |t Mythologiques / |
| 767 | 0 | 8 | |i Μεταφρασμένο ως: |t The raw and the cooked : |
| 767 | 0 | 8 | |i Μεταφρασμένο ως: |t The naked man / |
| 852 | |a INST |b LESVOS |e 20220728 |h 306 LEV |p 005100012094 |q 005100012094 |t BK |v τομ.3: |y 0 | ||
| 852 | |a INST |b LESVOS |e 20220728 |h 306 LEV |p 005100012095 |q 005100012095 |t BK |v τομ.4: |y 0 | ||
| 852 | |a INST |b LESVOS |e 20220728 |h 306 LEV |p 005100012096 |q 005100012096 |t BK |v τομ.2: |y 0 | ||
| 852 | |a INST |b LESVOS |e 20220728 |h 306 LEV |p 005100012097 |q 005100012097 |t BK |v τομ.1: |y 0 | ||
| 852 | |a INST |b SYROS |e 20220725 |h 301 LEV |p 005500015682 |q 005500015682 |t BK |v τομ.1: |y 0 | ||
| 853 | |a INST |b LESVOS |h 306 LEV | ||
| 853 | |a INST |b SYROS |h 301 LEV | ||
| 922 | |a 1ΕΛΗ |b 1987/06 |d GloryBook | ||